Ballon d'Or winners per year - Statistics

General Stats
  • This quiz has been taken 41 times
  • The average score is 40 of 68
Answer Stats
Hint Answer % Correct
2023 Lionel Messi
92%
2024 Rodri Hernández
92%
2008 Cristiano Ronaldo
88%
2013 Cristiano Ronaldo
88%
2014 Cristiano Ronaldo
88%
2016 Cristiano Ronaldo
88%
2017 Cristiano Ronaldo
88%
2022 Karim Benzema
88%
2009 Lionel Messi
88%
2010 Lionel Messi
88%
2011 Lionel Messi
88%
2012 Lionel Messi
88%
2015 Lionel Messi
88%
2019 Lionel Messi
88%
2018 Luka Modric
88%
2006 Fabio Cannavaro
83%
2007 Kaká
83%
2021 Lionel Messi
83%
2001 Michael Owen
75%
2003 Pavel Nedvêd
75%
2002 Ronaldo Nazario
75%
1998 Zinedine Zidane
71%
2000 Luis Figo
67%
1999 Rivaldo
67%
2005 Ronaldinho
67%
2004 Andriy Shevchenko
63%
1985 Michel Platini
63%
1957 Alfredo Di Stéfano
58%
1983 Michel Platini
58%
1984 Michel Platini
58%
1997 Ronaldo Nazario
58%
1956 Stanley Matthews
58%
1988 Marco van Basten
54%
1992 Marco van Basten
54%
1966 Bobby Charlton
50%
1995 George Weah
50%
1991 Jean-Pierre Papin
50%
1963 Lev Yashin
50%
1989 Marco van Basten
50%
1958 Raymond Kopa
50%
1993 Roberto Baggio
50%
1987 Ruud Gullit
50%
1959 Alfredo Di Stéfano
46%
1972 Franz Beckenbauer
46%
1968 George Best
46%
1978 Kevin Keegan
46%
1979 Kevin Keegan
46%
1960 Luis Suárez
46%
1996 Matthias Sammer
46%
1982 Paolo Rossi
46%
1976 Franz Beckenbauer
42%
1970 Gerd Müller
42%
1994 Hristo Stoichkov
42%
1990 Lothar Matthäus
42%
1965 Eusébio
38%
1971 Johan Cruyff
38%
1973 Johan Cruyff
38%
1980 Karl-Heinz Rummenigge
38%
1981 Karl-Heinz Rummenigge
38%
1961 Omar Sivori
38%
1964 Denis Law
33%
1969 Gianni Rivera
33%
1986 Ihor Belanov
33%
1974 Johan Cruyff
33%
1962 Josef Masopust
33%
1977 Allan Simonsen
29%
1967 Flórián Albert
29%
1975 Oleh Blokhin
29%
No matching quizzes found
Score Distribution
Percent of People with Each Score
Percentile by Number Answered
Your Score History
You have not taken this quiz